| 000 | 00376nam a2200133 i 4500 | ||
|---|---|---|---|
| 001 | bg | ||
| 100 | 1 | _aSCHMIDT-KARLSRUHE, Walter. | |
| 245 | 0 |
_aWerkzeugmaschinen Atlas. _nTl. 2, _pSchlitten und Tische. Drehmaschinen / _cWalter Schmidt-Karlsruhe. |
|
| 260 |
_aDüsseldorf, _c1959. |
||
| 040 | _cBPK | ||
| 041 | _apol | ||
| 942 | _cKS | ||
| 008 | s pl f |000 0 pol | ||
| 999 |
_c13301 _d13301 |
||
| 856 |
_uhttp://koha.tu.koszalin.pl/cgi-bin/koha/opac-detail.pl?biblionumber=13301 _yKatalog online BPK |
||